Developing national standards for school counseling programs in the Philippines/ (Record no. 4471)
[ view plain ]
| 000 -LEADER | |
|---|---|
| fixed length control field | 00750nam a22001817a 4500 |
| 003 - CONTROL NUMBER IDENTIFIER | |
| control field | OSt |
| 005 - DATE AND TIME OF LATEST TRANSACTION | |
| control field | 20250910061331.0 |
| 008 - FIXED-LENGTH DATA ELEMENTS--GENERAL INFORMATION | |
| fixed length control field | 250910b |||||||| |||| 00| 0 eng d |
| 020 ## - INTERNATIONAL STANDARD BOOK NUMBER | |
| International Standard Book Number | 978-971-94981-0-0 |
| 040 ## - CATALOGING SOURCE | |
| Original cataloging agency | DWCL-Main lib |
| Transcribing agency | OC |
| 082 ## - DEWEY DECIMAL CLASSIFICATION NUMBER | |
| Classification number | Fil.371.36 C626d 2010 |
| 100 ## - MAIN ENTRY--PERSONAL NAME | |
| Personal name | Clemeña, Rose Marie- Salazar |
| 245 ## - TITLE STATEMENT | |
| Title | Developing national standards for school counseling programs in the Philippines/ |
| Statement of responsibility, etc. | Clemeña, Rose Marie- Salazar |
| 260 ## - PUBLICATION, DISTRIBUTION, ETC. | |
| Place of publication, distribution, etc. | [place of publication not identified] : |
| Name of publisher, distributor, etc. | Guidance counselors circle inc., and Asian psychology services and assessment corp. , |
| Date of publication, distribution, etc. | c2010. |
| 300 ## - PHYSICAL DESCRIPTION | |
| Extent | illustrations ; |
| Other physical details | illustrations ; |
| Dimensions | 27cm. |
| 650 ## - SUBJECT ADDED ENTRY--TOPICAL TERM | |
| Topical term or geographic name entry element | School counseling programs-- Philippines-- Standard. |
| 942 ## - ADDED ENTRY ELEMENTS (KOHA) | |
| Source of classification or shelving scheme | Dewey Decimal Classification |
| Koha item type | Book-Filipiniana |
| Call number prefix | Fil. |
| Suppress in OPAC | No |
| 952 ## - LOCATION AND ITEM INFORMATION (KOHA) | |
| -- | |
| Withdrawn status | Lost status | Source of classification or shelving scheme | Damaged status | Not for loan | Home library | Current library | Shelving location | Date acquired | Source of acquisition | Cost, normal purchase price | Total Checkouts | Full call number | Barcode | Date last seen | Copy number | Price effective from | Koha item type | Uniform Resource Identifier |
|---|---|---|---|---|---|---|---|---|---|---|---|---|---|---|---|---|---|---|
| Dewey Decimal Classification | College Library | College Library | Filipiniana | 06/08/2023 | Donation | 0.00 | Fil.371.36 C626d 2010 | CL53777 | 09/10/2025 | c1 | 09/10/2025 | BK - FIL |